Statistics for Countries Flags By Michele

Click here to take the quiz!

General Stats

  • This quiz has been taken 21 times
  • The average score is 10 of 16

Answer Stats

Answer% Correct
Estonia
100%
Uganda
88%
Benin
75%
Bhutan
75%
Liechtenstein
75%
Monaco
75%
Bahamas
63%
Mozambique
63%
Saint Lucia
63%
Seychelles
63%
Sicily
63%
Dominica
50%
Eswatini
50%
Malawi
50%
South Sudan
50%
Burundi
38%

Score Distribution

Percentile by Number Answered

Percent of People with Each Score

Your Score History

You have not taken this quiz